| 000 | 00422nam a2200181Ia 4500 | ||
|---|---|---|---|
| 001 | 1123 | ||
| 005 | 20260306140608.0 | ||
| 008 | 260306t1997||||xx |||||||||||||| ||spa|| | ||
| 041 | _aESP | ||
| 082 |
_a184 _bG84 |
||
| 100 |
_aGuardini, Romano, 1885-1968 _eAUT |
||
| 245 | 0 | _aLa muerte de Sócrates | |
| 260 | _c1997 | ||
| 300 |
_a317 páginas : _c22 cm. |
||
| 650 | _aGEN | ||
| 654 | _aCHU | ||
| 942 |
_cLIB _dJUS _fJUS _2ddc _n |
||
| 999 |
_c1123 _d1123 |
||